Estado de emergência na saúde pública / (Record no. 242)

MARC details
000 -LÍDER
Campo Fixo de Controle 00795cam a2200253 a 4500
001 - NÚMERO DE CONTROLE
Campo de Controle 242
003 - IDENTIFICAÇÃO DO NÚMERO DE CONTROLE
Campo de Controle BR-CuiBMT
005 - DATA E HORA DA ÚLTIMA ATUALIZAÇÃO
Campo de Controle 20231031194203.0
008 - DADOS FIXOS
Dados Fixos 230906s2017 mgb 000 0 por d
020 ## - INTERNATIONAL STANDARD BOOK NUMBER
Nº do ISBN 9788545002673
040 ## - AGÊNCIA CATALOGADORA
Código da Agência Catalogadora BR-CuiBMT
Agência que transcreveu o registro BR-CuiBMT
080 ## - Nº DA CLASSIFICAÇÃO DECIMAL UNIVERSAL
Nº edição CDU 2007
Nº Class. CDU 342.7:614
090 ## - NÚMERO DE CHAMADA
Nº classificação 342.7:614
Cutter P324e
100 1# - ENTRADA PRINCIPAL -- AUTOR PESSOAL
Nome pessoal Paula, Rodrigo Francisco de
245 10 - TÍTULO PRINCIPAL
Título principal Estado de emergência na saúde pública /
Indicação de responsabilidade Rodrigo Francisco de Paula ; prefácio, Marcelo Andrade Cattoni de Oliveira.
260 ## - PUBLICAÇÃO, DISTRIBUIÇÃO, ETC.
Local de publicação Belo Horizonte :
Editora Fórum,
Data 2017.
300 ## - DESCRIÇÃO FÍSICA
N. páginas ou volumes 216 p. ;
Dimensões 22 cm
504 ## - NOTA DE BIBLIOGRAFIA, ETC.
Nota de bibliografia Inclui bibliografia.
650 ## - ASSUNTO TÓPICO
Cabeçalho tópico ou nome geográfico Direitos fundamentais
650 ## - ASSUNTO TÓPICO
Cabeçalho tópico ou nome geográfico Direito constitucional
650 ## - ASSUNTO TÓPICO
Cabeçalho tópico ou nome geográfico Direitos humanos
650 ## - ASSUNTO TÓPICO
Cabeçalho tópico ou nome geográfico Saúde pública
Subdivisão geral Situação de emergência
942 ## - ELEMENTOS DE ENTRADA ADICIONAIS (KOHA)
Fonte de classificação ou esquema de arquivamento Classificação Decimal Universal
Tipo de item do Koha Livros
Holdings
Estado: removido Estado: perdido Fonte de classificação ou esquema de arquivamento Estado: danificado Indisponível para empréstimo Localização permanente Localização atual Data de aquisição Total Checkouts Número de Chamada completo Código de barras Date last seen Número do exemplar Preço efetivo a partir de Tipo de item (Koha)
    Classificação Decimal Universal     Biblioteca da Escola Superior de Contas do TCE/MT Biblioteca da Escola Superior de Contas do TCE/MT 28/06/2023   342.7:614 P324e BIBTCEMT23090016 06/09/2023 Ex. 1 06/09/2023 Livros

Powered by Koha